[Event "Titled Tuesday intern op 1st Oct"]
[Site "Chess.com INT"]
[Date "2019.10.01"]
[Round "4"]
[White "Creger V, Leo Calvin"]
[Black "Przybylski, Wojciech"]
[Result "0-1"]
[WhiteElo "2005"]
[BlackElo "2316"]
[PlyCount "218"]
[EventDate "2019.10.01"]
[EventType "swiss (blitz)"]
[EventRounds "10"]
[EventCountry "USA"]
[SourceTitle "EXT 2021"]
[Source "ChessBase"]
[SourceDate "2020.10.23"]
[SourceVersion "1"]
[SourceVersionDate "2020.10.23"]
[SourceQuality "1"]

1. c4 e5 2. Nc3 Nf6 3. g3 Bb4 4. Bg2 0-0 5. Nf3 Re8 6. 0-0 Nc6 7. Nd5 Bf8 8. d4 exd4 9. Bg5 Be7 10. Nxe7+ Qxe7 11. Nxd4 Nxd4 12. Qxd4 d6 13. Rfe1 Qe5 14. Bxf6 Qxf6 15. Qxf6 gxf6 16. c5 dxc5 17. Rac1 c6 18. Rxc5 Be6 19. a3 Rad8 20. b4 a6 21. a4 Bb3 22. b5 Bxa4 23. bxa6 bxa6 24. Bxc6 Bxc6 25. Rxc6 Re6 26. Rc7 Ra8 27. e3 a5 28. Ra1 a4 29. Ra3 Kg7 30. Kf1 f5 31. Ke2 Rb6 32. Rc4 Rba6 33. Kf3 Ra5 34. e4 fxe4+ 35. Rxe4 R8a6 36. g4 Kg6 37. Kg3 h5 38. h3 hxg4 39. hxg4 Ra8 40. f4 R8a6 41. Rb4 Kf6 42. Rb8 Rc6 43. Rh8 Kg7 44. Rd8 Rc4 45. g5 Kg6 46. Rd6+ Kg7 47. Kg4 Rb4 48. Rd8 Rc4 49. Rh3 f5+ 50. Kh5 a3 51. Rb3 Rc7 52. Rd1 a2 53. Ra1 Rc2 54. Rb7+ Kf8 55. Kg6 Rc6+ 56. Kh5 Ra4 57. g6 Ra3 58. Kg5 Rg3+ 59. Kxf5 Rgxg6 60. Rxa2 Rgf6+ 61. Kg5 Rg6+ 62. Kf5 Rgf6+ 63. Ke4 Rc4+ 64. Ke5 Rf7 65. Ra8+ Kg7 66. Rbb8 Rfxf4 67. Rg8+ Kh7 68. Rh8+ Kg7 69. Rag8+ Kf7 70. Rf8+ Kg7 71. Rhg8+ Kh7 72. Rh8+ Kg7 73. Ra8 Rce4+ 74. Kd5 Re7 75. Rhg8+ Kh7 76. Rg2 Rg7 77. Rh2+ Kg6 78. Ra6+ Kf5 79. Rd6 Rf1 80. Rh5+ Kg4 81. Re5 Rd1+ 82. Kc5 Rc1+ 83. Kb6 Kf4 84. Rb5 Rc2 85. Rf6+ Ke4 86. Rf8 Rg6+ 87. Kb7 Rg7+ 88. Kb6 Rg6+ 89. Kb7 Rc4 90. Re8+ Kd3 91. Rd8+ Ke3 92. Rbd5 Rb4+ 93. Kc7 Rc4+ 94. Kb7 Rb4+ 95. Kc7 Rg7+ 96. R8d7 Rg6 97. Rd3+ Ke4 98. Rd1 Rc4+ 99. Kb7 Rb4+ 100. Kc7 Rc4+ 101. Kb7 Rg2 102. Re1+ Kf3 103. Rf7+ Kg3 104. Re8 Rb2+ 105. Ka8 Ra4+ 106. Ra7 Rg4 107. Re3+ Kf2 108. Re6 Rg8+ 109. Re8 Rxe8# 0-1

[Event "Titled Tuesday intern op 5th March"]
[Site "Chess.com INT"]
[Date "2019.03.05"]
[Round "4"]
[White "Creger V, Leo Calvin"]
[Black "Sanchez Alvarez, Kelvin Antonio"]
[Result "1/2-1/2"]
[WhiteElo "2086"]
[BlackElo "2212"]
[PlyCount "99"]
[EventDate "2019.03.05"]
[EventType "swiss (blitz)"]
[EventRounds "10"]
[EventCountry "USA"]
[SourceTitle "EXT 2021"]
[Source "ChessBase"]
[SourceDate "2020.10.23"]
[SourceVersion "1"]
[SourceVersionDate "2020.10.23"]
[SourceQuality "1"]

1. c4 g6 2. Nc3 Bg7 3. e4 c5 4. g3 Nc6 5. Bg2 d6 6. Nge2 h5 7. h4 Bg4 8. Nd5 Nd4 9. Qa4+ b5 10. cxb5 Bxe2 11. b6+ Kf8 12. Nc7 Rc8 13. bxa7 Bd3 14. e5 Bxe5 15. Bb7 Qxc7 16. Bxc8 Bb5 17. Qxb5 Qxa7 18. Qd3 Qa8 19. 0-0 Nf3+ 20. Qxf3 Qxf3 21. Bh3 Nf6 22. d4 Bxd4 23. Kh2 Bxf2 24. Bf4 Nd5 25. Bg2 Qd3 26. Rxf2 Nxf4 27. Rxf4 f5 28. Raf1 Kg7 29. R4f3 Qd2 30. R3f2 Qa5 31. a3 e5 32. Bd5 Rd8 33. Rf3 Kf6 34. Rb3 Qd2+ 35. Bg2 e4 36. Rb7 d5 37. b4 cxb4 38. axb4 d4 39. Ra1 Rd6 40. Raa7 e3 41. Rf7+ Ke5 42. Rae7+ Re6 43. Rd7 Qa2 44. Rc7 d3 45. Rc5+ Kd6 46. Rc6+ Ke5 47. Rc5+ Kd6 48. Rc6+ Ke5 49. Rc5+ Kd6 50. Rc6+ 1/2-1/2

[Event "Titled Tuesday intern op 2nd Jan"]
[Site "Chess.com INT"]
[Date "2018.01.02"]
[Round "2"]
[White "Creger V, Leo Calvin"]
[Black "Fawzy, Adham"]
[Result "0-1"]
[WhiteElo "2105"]
[BlackElo "2438"]
[PlyCount "80"]
[EventDate "2018.01.02"]
[EventType "swiss (blitz)"]
[EventRounds "10"]
[EventCountry "USA"]
[SourceTitle "EXT 2021"]
[Source "ChessBase"]
[SourceDate "2020.10.23"]
[SourceVersion "1"]
[SourceVersionDate "2020.10.23"]
[SourceQuality "1"]

1. c4 e5 2. Nc3 Nc6 3. g3 g6 4. Bg2 Bg7 5. e3 Nge7 6. Nge2 0-0 7. 0-0 d6 8. d4 exd4 9. exd4 Bg4 10. Be3 Nf5 11. h3 Bxe2 12. Qxe2 Ncxd4 13. Qd3 c6 14. Rad1 Nxe3 15. fxe3 Ne6 16. Qxd6 Qg5 17. Ne4 Qxe3+ 18. Kh1 Rad8 19. Qb4 Rxd1 20. Rxd1 Qe2 21. Re1 Qd3 22. b3 b6 23. Qd6 Rd8 24. Qe7 Qd4 25. Qxa7 f5 26. Qe7 Nf8 27. Ng5 Rd7 28. Qe2 h6 29. Nf3 Qd6 30. Kh2 h5 31. h4 Bf6 32. Kh3 Re7 33. Qf2 Qd7 34. Rxe7 Bxe7 35. Qxb6 f4+ 36. Kh2 Bd6 37. gxf4 Bxf4+ 38. Kg1 Qd1+ 39. Bf1 Qxf3 40. Qf2 Be3 0-1

[Event "Titled Tuesday intern op 2nd Jan"]
[Site "Chess.com INT"]
[Date "2018.01.02"]
[Round "4"]
[White "Creger V, Leo Calvin"]
[Black "Terletsky, Oleg"]
[Result "0-1"]
[WhiteElo "2105"]
[BlackElo "2416"]
[PlyCount "62"]
[EventDate "2018.01.02"]
[EventType "swiss (blitz)"]
[EventRounds "10"]
[EventCountry "USA"]
[SourceTitle "EXT 2021"]
[Source "ChessBase"]
[SourceDate "2020.10.23"]
[SourceVersion "1"]
[SourceVersionDate "2020.10.23"]
[SourceQuality "1"]

1. c4 Nf6 2. Nc3 g6 3. e4 d6 4. d4 Bg7 5. Nf3 0-0 6. Be2 e5 7. dxe5 dxe5 8. 0-0 c6 9. h3 Qe7 10. Be3 Na6 11. a3 Nc5 12. Qc2 Nh5 13. b4 Ne6 14. Rfd1 Nhf4 15. Bf1 Qf6 16. Nh2 Nd4 17. Bxd4 exd4 18. Ne2 d3 19. Qa2 dxe2 20. Bxe2 Qg5 21. Bf1 Bxa1 22. Rxa1 Nxh3+ 23. Kh1 Nf4 24. Rd1 Be6 25. Nf3 Qh5+ 26. Kg1 Rad8 27. Rd4 Nh3+ 28. gxh3 Qxf3 29. Bg2 Qf4 30. Rxd8 Rxd8 31. Qc2 Rd2 0-1

[Event "Titled Tuesday intern op 5th Sept"]
[Site "Chess.com INT"]
[Date "2017.09.05"]
[Round "1"]
[White "Creger V, Leo Calvin"]
[Black "Klekowski, Maciej"]
[Result "1-0"]
[WhiteElo "2107"]
[BlackElo "2484"]
[PlyCount "61"]
[EventDate "2017.09.05"]
[EventType "swiss (blitz)"]
[EventRounds "10"]
[EventCountry "USA"]
[SourceTitle "EXT 2021"]
[Source "ChessBase"]
[SourceDate "2020.10.23"]
[SourceVersion "1"]
[SourceVersionDate "2020.10.23"]
[SourceQuality "1"]

1. c4 e5 2. Nc3 Nc6 3. g3 Bc5 4. Bg2 a6 5. a3 d6 6. e3 Nge7 7. Nge2 0-0 8. b4 Ba7 9. 0-0 Be6 10. d3 Rb8 11. Rb1 b5 12. cxb5 axb5 13. a4 Bb6 14. a5 Ba7 15. d4 exd4 16. exd4 Bc4 17. Be3 d5 18. Re1 Nf5 19. Qd2 Nxe3 20. fxe3 Ne7 21. Nf4 c6 22. Nd3 Nf5 23. Ne5 Rc8 24. Bh3 Qg5 25. Qf2 Nxe3 26. Bxc8 Rxc8 27. Qxf7+ Kh8 28. Qxa7 Qf5 29. Qf7 Rf8 30. Qxf5 Nxf5 31. Nxc4 1-0

[Event "Titled Tuesday intern op 6th June"]
[Site "Chess.com INT"]
[Date "2017.06.06"]
[Round "3"]
[White "Macovei, Andrei"]
[Black "Creger V, Leo Calvin"]
[Result "0-1"]
[WhiteElo "2329"]
[BlackElo "2031"]
[PlyCount "60"]
[EventDate "2017.06.06"]
[EventType "swiss (blitz)"]
[EventRounds "10"]
[EventCountry "USA"]
[SourceTitle "EXT 2021"]
[Source "ChessBase"]
[SourceDate "2020.10.23"]
[SourceVersion "1"]
[SourceVersionDate "2020.10.23"]
[SourceQuality "1"]

1. e4 e6 2. d4 d5 3. Nc3 Nf6 4. Bg5 Be7 5. e5 Nfd7 6. Bxe7 Qxe7 7. f4 a6 8. Qg4 0-0 9. Nf3 c5 10. Bd3 f5 11. exf6 Nxf6 12. Qh4 Nc6 13. dxc5 Qxc5 14. 0-0-0 b5 15. Kb1 Nb4 16. Ne5 Nxd3 17. Rxd3 b4 18. Ne2 Ne4 19. Nd4 a5 20. Rhd1 a4 21. g4 Rxf4 22. Rh3 h6 23. Ne2 b3 24. cxb3 Nd2+ 25. Ka1 axb3 26. Rxb3 Rxa2+ 27. Kxa2 Ra4+ 28. Ra3 Rxa3+ 29. bxa3 Qc2+ 30. Ka1 Nb3# 0-1

[Event "Titled Tuesday intern op 6th June"]
[Site "Chess.com INT"]
[Date "2017.06.06"]
[Round "8"]
[White "Meier, Georg"]
[Black "Creger V, Leo Calvin"]
[Result "0-1"]
[WhiteElo "2630"]
[BlackElo "2031"]
[PlyCount "62"]
[EventDate "2017.06.06"]
[EventType "swiss (blitz)"]
[EventRounds "10"]
[EventCountry "USA"]
[SourceTitle "EXT 2021"]
[Source "ChessBase"]
[SourceDate "2020.10.23"]
[SourceVersion "1"]
[SourceVersionDate "2020.10.23"]
[SourceQuality "1"]

1. Nf3 Nf6 2. g3 g6 3. Bg2 Bg7 4. 0-0 0-0 5. d4 d6 6. b3 Nbd7 7. Bb2 c5 8. c4 Rb8 9. Nc3 a6 10. Rc1 b5 11. dxc5 Nxc5 12. Nd4 Bd7 13. cxb5 axb5 14. b4 Na6 15. a3 Qb6 16. e3 Rfc8 17. Qe2 e5 18. Nb3 Be6 19. Na5 d5 20. Rfd1 d4 21. Ne4 Nxe4 22. Bxe4 Rxc1 23. Rxc1 dxe3 24. Qxe3 Qxe3 25. fxe3 Rd8 26. Nc6 Re8 27. Kf2 Bc4 28. Na5 Be6 29. Rc6 Nb8 30. Rc7 Na6 31. Ke1 Nxc7 0-1

[Event "Titled Tuesday intern op 6th Dec 2pm"]
[Site "Chess.com INT"]
[Date "2017.01.03"]
[Round "4"]
[White "Alice, Mateus Felizardo Vi"]
[Black "Creger V, Leo Calvin"]
[Result "1/2-1/2"]
[WhiteElo "2124"]
[BlackElo "2013"]
[PlyCount "181"]
[EventDate "2017.12.06"]
[EventType "swiss (blitz)"]
[EventRounds "9"]
[EventCountry "USA"]
[SourceTitle "EXT 2021"]
[Source "ChessBase"]
[SourceDate "2020.10.23"]
[SourceVersion "1"]
[SourceVersionDate "2020.10.23"]
[SourceQuality "1"]

1. e4 e6 2. Qe2 c5 3. f4 Nc6 4. Nf3 g6 5. g3 Bg7 6. Bg2 Nge7 7. 0-0 0-0 8. Kh1 d5 9. d3 Rb8 10. e5 b5 11. Be3 d4 12. Bg1 Qb6 13. Nbd2 Rd8 14. Ne4 Nd5 15. Nd6 Bf8 16. Ng5 Bxd6 17. exd6 Nf6 18. c3 Rxd6 19. h3 dxc3 20. bxc3 Bb7 21. Kh2 b4 22. Rab1 Ba6 23. Rfd1 Rbd8 24. c4 Bb7 25. a3 a5 26. axb4 axb4 27. Qb2 Nd4 28. Bxd4 Rxd4 29. Bxb7 Qxb7 30. Qe2 Qd7 31. Qe5 Qe7 32. Rb3 Rxc4 33. Rd2 Rcd4 34. Nf3 R4d5 35. Qe2 Qd6 36. Ne5 Rd4 37. Rbb2 Nd5 38. Nc4 Qe7 39. h4 Nxf4 40. gxf4 Qxh4+ 41. Kg1 Rxf4 42. Ne3 Qg3+ 43. Ng2 Rg4 44. Qf2 Qxf2+ 45. Kxf2 Kg7 46. Kf3 h5 47. Ne3 Rgd4 48. Ke2 f5 49. Rbc2 Rc8 50. Nc4 g5 51. Ke3 Kf6 52. Nb6 f4+ 53. Ke2 Rb8 54. Na4 g4 55. Nxc5 h4 56. Ne4+ Rxe4+ 57. dxe4 b3 58. Rb2 h3 59. Kf2 Kg5 60. Rd7 g3+ 61. Kf3 g2 62. Rg7+ Kf6 63. Rg4 e5 64. Kf2 Rh8 65. Rb1 h2 66. Kxg2 h1Q+ 67. Rxh1 f3+ 68. Kxf3 Rxh1 69. Rg2 Rh3+ 70. Ke2 Rc3 71. Rg8 Rc2+ 72. Kd3 Rh2 73. Rb8 b2 74. Kc4 Kg5 75. Kd5 Kf4 76. Rf8+ Ke3 77. Rb8 Kf4 78. Rf8+ Ke3 79. Rb8 Rd2+ 80. Kxe5 Kd3 81. Kf5 Rf2+ 82. Ke5 Kc2 83. Kd6 b1Q 84. Rxb1 Kxb1 85. e5 Kc2 86. e6 Rd2+ 87. Kc7 Kc3 88. e7 Re2 89. Kd7 Rd2+ 90. Kc7 Re2 91. Kd7 1/2-1/2

[Event "Titled Tuesday intern op 6th Dec 2pm"]
[Site "Chess.com INT"]
[Date "2017.01.03"]
[Round "8"]
[White "Creger V, Leo Calvin"]
[Black "Amin, Bassem"]
[Result "0-1"]
[WhiteElo "2013"]
[BlackElo "2666"]
[PlyCount "124"]
[EventDate "2017.12.06"]
[EventType "swiss (blitz)"]
[EventRounds "9"]
[EventCountry "USA"]
[SourceTitle "EXT 2021"]
[Source "ChessBase"]
[SourceDate "2020.10.23"]
[SourceVersion "1"]
[SourceVersionDate "2020.10.23"]
[SourceQuality "1"]

1. d4 f5 2. Nc3 Nf6 3. Bg5 d5 4. Bxf6 exf6 5. e3 Be6 6. Bd3 Nc6 7. Nge2 g6 8. Nf4 Bf7 9. h4 Qd7 10. Qe2 h5 11. 0-0-0 Ne7 12. f3 0-0-0 13. Kb1 Bh6 14. Bb5 c6 15. Ba4 Kb8 16. Nd3 Nc8 17. Nc5 Qe7 18. e4 fxe4 19. fxe4 dxe4 20. Qxe4 Qxe4 21. N3xe4 f5 22. Nc3 Be3 23. Bb3 Bxb3 24. Nxb3 Nb6 25. a4 Rhe8 26. a5 Nc4 27. d5 c5 28. Na4 b6 29. axb6 axb6 30. Rh3 f4 31. Nc3 Nd6 32. Rf3 Nf5 33. Rh1 Kb7 34. Nc1 Rf8 35. Nd3 Nd4 36. Rff1 Rde8 37. Rd1 c4 38. Nb4 Ra8 39. Rhf1 Ra5 40. Rfe1 Rfa8 41. b3 cxb3 42. Rxe3 fxe3 43. Rxd4 Ra1+ 44. Kb2 Rg1 45. Kxb3 Re8 46. Re4 Rxe4 47. Nxe4 e2 48. Nd3 e1Q 49. Nxe1 Rxe1 50. Nd6+ Kc7 51. Nf7 Re2 52. d6+ Kc6 53. g3 Re3+ 54. c3 Rxg3 55. Kc4 Rg4+ 56. Kd3 Rxh4 57. c4 Kc5 58. Ke3 Rd4 59. Nd8 Rxd6 60. Nb7+ Kc6 61. Nxd6 Kxd6 62. Kd4 g5 0-1

[Event "Titled Tuesday intern op1 6th Sept"]
[Site "Chess.com INT"]
[Date "2016.09.06"]
[Round "3"]
[White "Forthoffer, David"]
[Black "Creger V, Leo Calvin"]
[Result "0-1"]
[WhiteElo "2063"]
[BlackElo "1945"]
[PlyCount "76"]
[EventDate "2016.09.06"]
[EventType "swiss (blitz)"]
[EventRounds "9"]
[EventCountry "USA"]
[SourceTitle "EXT 2021"]
[Source "ChessBase"]
[SourceDate "2020.10.23"]
[SourceVersion "1"]
[SourceVersionDate "2020.10.23"]
[SourceQuality "1"]

1. d4 Nf6 2. c4 c5 3. d5 b5 4. cxb5 a6 5. bxa6 g6 6. b3 Bg7 7. Bb2 0-0 8. g3 d6 9. Bg2 Bxa6 10. Nh3 Nbd7 11. 0-0 Qa5 12. Bc3 Qc7 13. Nf4 Ne5 14. h4 Rfb8 15. Nd2 Nfd7 16. Qc2 c4 17. b4 Bb7 18. a3 Nb6 19. a4 Bh6 20. e4 Bxf4 21. gxf4 Ng4 22. a5 Nd7 23. b5 e5 24. a6 Bc8 25. Qa4 Nb6 26. Ba5 Qe7 27. Bxb6 Rxb6 28. Qxc4 exf4 29. Nf3 Bd7 30. Qc7 Rxb5 31. a7 Rb3 32. Rab1 Rxf3 33. Rb8+ Kg7 34. Rxa8 Qxh4 35. Rg8+ Kh6 36. Ra1 Qxf2+ 37. Kh1 Rh3+ 38. Bxh3 Qh2# 0-1

[Event "American op 51st 3-day G/60"]
[Site "Orange"]
[Date "2015.11.27"]
[Round "3"]
[White "Ortiz, Eduardo"]
[Black "Creger V, Leo Calvin"]
[Result "1-0"]
[WhiteElo "2233"]
[BlackElo "1945"]
[PlyCount "108"]
[EventDate "2015.11.27"]
[EventType "swiss (rapid)"]
[EventRounds "4"]
[EventCountry "USA"]
[SourceTitle "EXT 2017"]
[Source "ChessBase"]
[SourceDate "2016.10.25"]
[SourceVersion "1"]
[SourceVersionDate "2016.10.25"]
[SourceQuality "1"]

1. d4 Nf6 2. c4 e6 3. Nf3 c5 4. d5 b5 5. Bg5 exd5 6. cxd5 d6 7. e4 a6 8. a4 Be7 9. Bxf6 Bxf6 10. Qc2 bxa4 11. Rxa4 0-0 12. Bd3 g6 13. 0-0 Nd7 14. Nbd2 Nb6 15. Ra2 a5 16. Bb5 Bd7 17. Bxd7 Qxd7 18. Rfa1 a4 19. Nc4 Rfb8 20. Nfd2 Nxc4 21. Nxc4 Rb4 22. g3 Ra6 23. Kg2 h5 24. h4 Qg4 25. f3 Qd7 26. f4 Qb5 27. Rc1 Bg7 28. e5 dxe5 29. fxe5 Bh6 30. Na3 Qb7 31. Rd1 Be3 32. Kh2 Bd4 33. d6 Bxe5 34. Nc4 Bd4 35. Raa1 Qd7 36. Rac1 Rxd6 37. Nxd6 Rxb2 38. Qxb2 Bxb2 39. Rxc5 Qe6 40. Rc8+ Kh7 41. Re8 Qb3 42. Rf1 f5 43. Re7+ Kg8 44. Rfe1 Bg7 45. R1e6 a3 46. Rxg6 a2 47. Nxf5 a1Q 48. Rgxg7+ Qxg7 49. Rxg7+ Kf8 50. Kg2 Qb2+ 51. Kf3 Qxg7 52. Nxg7 Kxg7 53. Ke4 Kf6 54. Kf4 Kg6 1-0